Online Catalogue and eLibrary

Fallenness in Victorian women's writing : (Record no. 5877)

MARC details
000 -LEADER
fixed length control field 00860cam a2200265 a 4500
001 - CONTROL NUMBER
control field 724539
005 - DATE AND TIME OF LATEST TRANSACTION
control field 20240604064207.0
008 - FIXED-LENGTH DATA ELEMENTS--GENERAL INFORMATION
fixed length control field 980313s1998 mou b s001 0 eng
020 ## - INTERNATIONAL STANDARD BOOK NUMBER
ISBN 0826211755 (alk. paper)
040 ## - CATALOGING SOURCE (பட்டியலாக்க மூலம்)
Original cataloging agency DLC
Transcribing agency DLC
Modifying agency DLC
082 00 - DDC Classification
Class No. 820.8/09287/09034
DDC Edition Number 21
Item Number - Author Mark FAL
100 1# - MAIN ENTRY--PERSONAL NAME
Personal name Logan, Deborah Anna,
245 10 - TITLE STATEMENT
Title Fallenness in Victorian women's writing :
Remainder of title marry, stitch, die, or do worse /
Statement of responsibility, etc. Deborah Anna Logan.
260 ## - PUBLICATION, DISTRIBUTION, ETC.
Place of publication, distribution, etc. Columbia :
Name of publisher, distributor, etc. University of Missouri Press,
Date of publication, distribution, etc. 1998.
300 ## - PHYSICAL DESCRIPTION
Extent (e.g. Volumes, Pages etc.) x, 236 p. ;
650 #0 - SUBJECT ADDED ENTRY--TOPICAL TERM
Topical term or geographic name entry element English literature
650 #0 - SUBJECT ADDED ENTRY--TOPICAL TERM
Topical term or geographic name entry element Women and literature
650 #0 - SUBJECT ADDED ENTRY--TOPICAL TERM
Topical term or geographic name entry element English literature
650 #0 - SUBJECT ADDED ENTRY--TOPICAL TERM
Topical term or geographic name entry element Unmarried mothers in literature.
650 #0 - SUBJECT ADDED ENTRY--TOPICAL TERM
Topical term or geographic name entry element Moral conditions in literature.
650 #0 - SUBJECT ADDED ENTRY--TOPICAL TERM
Topical term or geographic name entry element Social problems in literature.
650 #0 - SUBJECT ADDED ENTRY--TOPICAL TERM
Topical term or geographic name entry element Prostitutes in literature.
650 #0 - SUBJECT ADDED ENTRY--TOPICAL TERM
Topical term or geographic name entry element Women in literature.
942 ## - Koha item type (Biblio)
Koha item type Books in Stacks (Lending)
Holdings
Lost status Damaged status Collection code Home library Current library Date acquired Full call number Accession Number Item type
    Lending WERC Library WERC Library 06/04/2024 820.8/09287/09034 FAL 2672 Books in Stacks (Lending)

© WERC Library